Score 0/15 Timer 01:00
0 Plays Today
% Correct
Guam
92.8%
Puerto Rico
92.4%
Martha's Vineyard
90.8%
Liberty Island
90%
Kodiak Island
81.5%
Baker Island
74.8%
Wake Island
69.7%
Moloka'i
69.6%
% Correct
Mercer Island
64.2%
Boca Chica Key
59.5%
Howland Island
57.5%
Jarvis Island
56.1%
St. Lawrence Island
43.1%
North Manitou Island
37%
San Nicolas Island
34%

Today's Daily Dose

Remove Ads.
Support Sporcle.
Get the best of Sporcle when you Go Orange. This ad-free experience offers more features, more stats, and more fun while also helping to support Sporcle. Thank you for becoming a member.

You're not logged in!

Compare scores with friends on all Sporcle quizzes.
OR
Log In

Show Comments

Extras

Top Quizzes Today


Score Distribution

Your Account Isn't Verified!

In order to create a playlist on Sporcle, you need to verify the email address you used during registration. Go to your Sporcle Settings to finish the process.

Report this User

Report this user for behavior that violates our Community Guidelines.

Details: